Online
Catalog

El americano impasible / (Record no. 34637)

MARC details
000 -CABECERA
campo de control de longitud fija 00739nam a2200217 a 4500
001 - NÚMERO DE CONTROL
campo de control 000035146
005 - FECHA Y HORA DE LA ÚLTIMA TRANSACCIÓN
campo de control 20200930074132.0
008 - DATOS DE LONGITUD FIJA--INFORMACIÓN GENERAL
campo de control de longitud fija 111025s1967 sp r 000 0 spa d
040 ## - FUENTE DE LA CATALOGACIÓN
Centro catalogador/agencia de origen DO-SdBNP
Lengua de catalogación spa
Centro/agencia transcriptor BNPHU
082 ## - NÚMERO DE LA CLASIFICACIÓN DECIMAL DEWEY
Número de clasificación xxxx
Número de documento/Ítem xxxx
100 1# - ENTRADA PRINCIPAL--NOMBRE DE PERSONA
Nombre de persona Greene, Graham,
Fechas asociadas al nombre 1904-1991
9 (RLIN) 11990
240 10 - TÍTULO UNIFORME
Título uniforme The quiet american :
-- A gun for sale
Lenguaje de la obra Español
245 13 - MENCIÓN DE TÍTULO
Título El americano impasible /
Mención de responsabilidad, etc. Graham Greene ; traducción J. R. Wielcock, Francisco Baldiz.
260 ## - PUBLICACIÓN, DISTRIBUCIÓN, ETC.
Lugar de publicación, distribución, etc. Barcelona :
Nombre del editor, distribuidor, etc. Plaza & Janes,
Fecha de publicación, distribución, etc. 1967.
300 ## - DESCRIPCIÓN FÍSICA
Extensión 313 p. ;
Dimensiones 18 cm.
490 1# - MENCIÓN DE SERIE
Mención de serie Clásicos del Siglo XX
590 ## - NOTA LOCAL (RLIN)
Nota local Inventariado, 2019/BT
700 1# - PUNTO DE ACCESO ADICIONAL--NOMBRE DE PERSONA
Nombre de persona Wielcock, J. R.,
Término indicativo de función/relación tr.
9 (RLIN) 11994
700 1# - PUNTO DE ACCESO ADICIONAL--NOMBRE DE PERSONA
Nombre de persona Baldiz, Francisco,
Término indicativo de función/relación tr.
9 (RLIN) 60852
830 #0 - PUNTO DE ACCESO ADICIONAL DE SERIE-TÍTULO UNIFORME
Título uniforme Clásicos del Siglo XX
9 (RLIN) 39438
Holdings
Estado de retiro Estado de pérdida Restricciones de uso No para préstamo Código de colección Localización permanente Ubicación/localización actual Ubicación en estantería Fecha de adquisición Número de inventario Total de préstamos Signatura topográfica completa Código de barras Fecha visto por última vez Precio válido a partir de Tipo de ítem Koha Nota pública
      Excluido de préstamo Monografías: Libros y Folletos General General Depósito 25.10.2011 LF1   xxxx xxxx 35146-10 25.06.2020 25.06.2020 No se presta Perteneció a la biblioteca personal de Juan Isidro Jiménez-Grullón.

Powered by Koha